| 000 | 00412nam a22001697a 4500 | ||
|---|---|---|---|
| 003 | CEME | ||
| 005 | 20210628203443.0 | ||
| 008 | 210129b xxu||||| |||| 00| 0 eng d | ||
| 040 | _c. | ||
| 082 | _a891.4393 HAM | ||
| 100 |
_aHameed, A _959074 |
||
| 245 | _a Commando attack | ||
| 260 |
_aLAHORE _bSANG-E-MEEL _c1997 |
||
| 300 | _a259P | ||
| 650 |
_aURDU ADAB-NOVEL-COMMANDO ATTACK _965573 |
||
| 942 |
_cBK _2ddc |
||
| 999 |
_c573737 _d573737 |
||